[Event "San Cristobal de La Laguna op 2nd"]
[Site "San Cristobal de la Laguna"]
[Date "2019.09.04"]
[Round "5"]
[White "Guillermo Gonzalez, Alvaro"]
[Black "Grundhammer, Gerhard"]
[Result "1/2-1/2"]
[WhiteElo "1992"]
[BlackElo "1805"]
[PlyCount "76"]
[EventDate "2019.08.31"]
[EventType "swiss"]
[EventRounds "9"]
[EventCountry "ESP"]
[SourceTitle "EXT 2020"]
[Source "ChessBase"]
[SourceDate "2019.10.17"]
[SourceVersion "1"]
[SourceVersionDate "2019.10.17"]
[SourceQuality "1"]

1. e4 e5 2. Nf3 Nf6 3. Nxe5 d6 4. Nf3 Nxe4 5. Nc3 Nxc3 6. dxc3 Be7 7. Be3 Nc6 8. Qd2 Be6 9. 0-0-0 Qd7 10. h4 Bf6 11. Kb1 0-0-0 12. Nd4 Bxd4 13. Bxd4 f6 14. Be3 Rde8 15. c4 Re7 16. b3 Rhe8 17. Bf4 Bf5 18. f3 Ne5 19. Qf2 b6 20. g4 Be6 21. Bxe5 fxe5 22. Bd3 g6 23. h5 g5 24. Be4 Rf8 25. Qd2 h6 26. Qd3 Kb8 27. Rd2 Rf4 28. Rhd1 Ref7 29. Qe2 Qc8 30. c5 Rxe4 31. Qxe4 bxc5 32. Rd3 Qf8 33. Qe2 Bc8 34. a4 Bb7 35. Rf1 e4 36. Re3 d5 37. c4 d4 38. Rxe4 Bxe4+ 1/2-1/2

[Event "Innsbruck op-B 2nd"]
[Site "Innsbruck"]
[Date "2018.08.24"]
[Round "1"]
[White "Gugler, Georg Helmuth"]
[Black "Grundhammer, Gerhard"]
[Result "0-1"]
[WhiteElo "1390"]
[BlackElo "1816"]
[PlyCount "48"]
[EventDate "2018.08.24"]
[EventType "swiss"]
[EventRounds "9"]
[EventCountry "AUT"]
[SourceTitle "CBM 186 Extra"]
[Source "ChessBase"]
[SourceDate "2018.08.24"]
[SourceVersion "1"]
[SourceVersionDate "2018.08.24"]
[SourceQuality "1"]

1. e4 e5 2. Bc4 Bc5 3. Nf3 Nc6 4. d3 Nf6 5. Ng5 0-0 6. Be3 Bb6 7. Nc3 d6 8. h3 Qe7 9. g4 Be6 10. Nd5 Bxd5 11. exd5 Nb4 12. a3 Nbxd5 13. Bxd5 Nxd5 14. Ne4 Bxe3 15. fxe3 Nxe3 16. Qe2 Qh4+ 17. Kd2 Nd5 18. c4 Nf4 19. Qf3 Rad8 20. Raf1 d5 21. cxd5 Rxd5 22. Qg3 Qxg3 23. Nxg3 Rxd3+ 24. Kc2 Rxg3 0-1